イオンモールにあるノジマ - Statistics

General Stats
  • This quiz has been taken 51 times
    9 since last reset
  • The average score is 7 of 22
Answers on the Grid
Answers color-coded by a green-red scale on the quiz's grid according to % correct below.
新百合ヶ丘
三ツ境
座間
碑文谷
西新井
小平
むさし村山
多摩平の森
川口前川
上尾
与野
レイクタウン
津田沼
海浜幕張
鎌取
幕張新都心
ユーカリが丘
木更津
ノア
八千代緑が丘
成田
千葉ニュータウン
銚子
富士宮
富士南
甲府昭和
松本
守谷
土浦
つくば
新潟亀田インター
北戸田
東習志野
 
Answer Stats
Answer % Correct
レイクタウン
100%
成田
50%
つくば
50%
むさし村山
38%
多摩平の森
38%
幕張新都心
38%
木更津
38%
八千代緑が丘
38%
甲府昭和
38%
松本
38%
土浦
38%
座間
25%
上尾
25%
与野
25%
津田沼
25%
千葉ニュータウン
25%
富士宮
25%
新潟亀田インター
25%
北戸田
25%
川口前川
13%
銚子
13%
東習志野
0%
No matching quizzes found
Score Distribution
Percent of People with Each Score
Percentile by Number Answered
Your Score History
You have not taken this quiz since the last reset